A népi tréfa szerepe az identitástudat fejlesztésében
Elmentve itt :
| Szerző: | |
|---|---|
| Adatforrás: | Meister |
| Forrásdokumentuma: | Művelődés. - 5-6 sz., 1991, 36-38 p. |
| Nyelv: | magyar |
| Kulcsszavak: | etnológia népi komikum székelyek cigányok |
| LEADER | 00437nab a2200157 i 4500 | ||
|---|---|---|---|
| 001 | bibPRO00002830 | ||
| 008 | 060524s1991 xx hun | ||
| 040 | |a Sz1 | ||
| 041 | |a hun | ||
| 100 | 1 | |a VÖŐ Gabriella | |
| 245 | 1 | 2 | |a A népi tréfa szerepe az identitástudat fejlesztésében |c VÖŐ Gabriella |
| 695 | |a etnológia | ||
| 695 | |a népi komikum | ||
| 695 | |a székelyek | ||
| 695 | |a cigányok | ||
| 773 | 0 | |t Művelődés. - |g 5-6 sz., 1991, 36-38 p. | |